Πρακτική αμπελουργία οινολογία

Saved in:
Bibliographic Details
Main Author: Βαγιανός, Ιωάννης Δ., 1916-
Format: Book
Language:Greek
Published: Αθήνα : Ψύχαλος, 1986.
Subjects:
Tags: Add Tag
No Tags, Be the first to tag this record!

MARC

LEADER 00000cam a2200000 i 4500
001 1/49782
008 070731s1986 gr | ||| |||| ||gre||
020 |a 9607920481 
035 |l 10089281 
040 |a GR-MyUA  |b gre  |e AACR2 
041 0 |a gre 
082 0 |a 634.8  |2 (22) 
100 1 |a Βαγιανός, Ιωάννης Δ.,   |d 1916- 
245 1 0 |a Πρακτική αμπελουργία οινολογία /   |c Ιωάννου Βαγιανού.  
260 |a Αθήνα :   |b Ψύχαλος,   |c 1986.  
300 |a 336 σ. :   |b εικ. ;   |c 24 εκ.  
650 0 0 |a Viticulture. 
650 0 0 |a Wine and wine making. 
852 |a INST  |b SAMOS  |e 20070731  |h 634.8 ΒΑΓ  |p 005300025686  |q 005300025686  |t BK  |y 0 
901 |a BIBL3-2007-2 
909 |a Σ  |b 136203 
922 |a 3ΕΛΗ  |b 200707  |c ΕΠΕΑΕΚ2/ΤΜΗΜΑ ΜΑΘΗΜΑΤΙΚΩΝ  |d Σ. ΠΑΤΑΚΗΣ 
970 |a ΜΑΛΑΓΑΡΗ  |b ΦΩΤΕΙΝΗ  |z 2007/07/31